BABYMONSTER - Paroles SHEESH - Statistiques

Statistiques générales
  • Ce quiz a été pris 115 fois
    114 depuis la dernière actualisation
  • Le résultat moyen est 181 sur 255
Statistiques - réponses
Hint Réponse % Correct
a
98%
A
98%
a,
98%
B
98%
hoo
98%
M
97%
N
97%
O
97%
Ooh
97%
Y
97%
Sheesh,
95%
sheesh
95%
sheesh,
95%
I
94%
mo
94%
Baby,
91%
monster
88%
I'm
86%
Yeah,
86%
yeah
86%
Couplet 2 Yo,
86%
you
86%
You
86%
go)
85%
go
85%
me
83%
on
83%
온 세상을 뒤집어 on,
83%
Pré-chorus 눈을 뜬 순간 피어나 All
82%
all
82%
my
82%
dun
80%
eyes
80%
Chorus Got
80%
life
80%
lun
80%
see
80%
Intro Da
78%
la
78%
die
77%
불을 질러라 Do
77%
or
77%
the
77%
slow
71%
in
69%
know
68%
going
66%
'em
63%
nothing
63%
them
63%
it
62%
위에서 못 나가 that
62%
up
62%
Vroom,
62%
vroom
62%
friend,
58%
friend
58%
Couplet 1 Mano,
58%
mano
58%
Tell
58%
tell
58%
ain't
57%
let
57%
and
55%
to
55%
trouble
55%
what
55%
sky
54%
분위기 타올라 너네들 눈 돌아 this
54%
띵하니 적잖이 충격일 거야 queen
52%
boo,
51%
Outro Jump,
51%
jump
51%
let's
48%
(let's
48%
yet
48%
Click,
46%
click,
46%
올라가 올라가 더 Fly
46%
High,
46%
high,
46%
high
46%
hold
46%
is,
46%
Watch
46%
we
46%
꼭대기 꼭대기로 away
45%
히비리 합 합 Crown
45%
clack,
43%
하늘 위 하늘 위로 Come
43%
Pedal
43%
pop
43%
음악에 맞춰 걍 춤춰 pow
43%
Rum,
42%
Bridge 이젠 내 차례니까 Time's
42%
you're
42%
ride
40%
seen
38%
metal
37%
Pull
37%
then
37%
be
35%
걍 들이부어라 네 달팽이관에 | 이건 네 귀에 줄 축복 boom,
35%
peek
35%
너네 심장에 박동이 pump,
35%
pump
35%
put
35%
out,
32%
roll
32%
ghost,
31%
running
31%
홈런은 쳤고 내 다음은 위 say
29%
Aucun quiz correspondant
Distribution des résultats
% des personnes avec chaque résultat
Percentile par nombre de réponses
Votre historique - résultats
Vous n’avez pas pris ce quiz depuis la dernière actualisation